LEADER 00605nam a2200169 i 4500 001 000000104129 003 CaOOAMICUS 005 20260407105717.0 008 011102s1975 it u000 u ita u 040 $aSeMil$bita 245 10$a3: [Fa-Me]. 300 $aP. 1605-2404. 773 0 $aBattisti, Carlo <1882-1977>$tDizionario etimologico italiano.$dFirenze : Universitŕ degli Studi : Barbčra, 1975.$gVolume3$w()713 850 $aSeMil 852 $aSeMil$W1$xVenegono$y1$mSL1.A III 4/3$j269734$B60543$CSeMilBibl$Z2$F44983 $8I 996 $6245$a3: [Fa-Me]$9(OLS)http://semarc/title/151026